Historia constitucional de la Monarquía española (Record no. 53151)

MARC details
000 -LEADER
campo de control de longitud fija 00941nam a2200205 i 4500
001 - NÚMERO DE CONTROL
campo de control 53151
003 - IDENTIFICADOR DE NÚMERO DE CONTROL
campo de control ES-MaACL
005 - FECHA Y HORA DE LA ÚLTIMA TRANSACCIÓN
campo de control 20230906162721.0
007 - CAMPO FIJO DE DESCRIPCIÓN FÍSICA--INFORMACIÓN GENERAL
campo de control de longitud fija t|
008 - DATOS DE LONGITUD FIJA--INFORMACIÓN GENERAL
campo de control de longitud fija 941129s1845 sp |||| | spa d
100 1# - ENTRADA PRINCIPAL--NOMBRE DE PERSONA
Nombre de persona Du Hamel, Victor Auguste
Títulos y otros términos asociados al nombre comte.
9 (RLIN) 149566
245 10 - MENCIÓN DEL TÍTULO
Título Historia constitucional de la Monarquía española
Resto del título : desde la invasión de los bárbaros hasta la muerte de Fernando VII : 411-1833 /
Mención de responsabilidad, etc. por el conde Victor Du-Hamel ; traducida, anotada y adicionada hasta la mayoría de la Reina Doña Isabel II por D. Baltasar Anduaga y Espinosa.
260 ## - PUBLICACIÓN, DISTRIBUCIÓN, ETC.
Lugar de publicación, distribución, etc. Madrid :
Nombre del editor, distribuidor, etc. [s.n.],
Fecha de publicación, distribución, etc. 1845 (
Fabricante Imp. de Manuel G. Uzal)
300 ## - DESCRIPCIÓN FÍSICA
Extensión 2 t. en 1 v. ;
Dimensiones 19 cm.
650 #4 - PUNTO DE ACCESO ADICIONAL DE MATERIA--TÉRMINO DE MATERIA
Término de materia o nombre geográfico como elemento de entrada Monarquía-
Subdivisión geográfica España-
Subdivisión de forma Historia.
9 (RLIN) 15145
651 #4 - PUNTO DE ACCESO ADICIONAL DE MATERIA--NOMBRE GEOGRÁFICO
Nombre geográfico España-
Subdivisión general Historia.
9 (RLIN) 8209
700 1# - ENTRADA AGREGADA--NOMBRE PERSONAL
Nombre de persona Anduaga y Espinosa, Baltasar.
9 (RLIN) 21682
852 ## - LOCALIZACIÓN
Ubicación ES-MaACL
Número de control de estantería D-4995
856 ## - LOCALIZACIÓN Y ACCESO ELECTRÓNICOS
Identificador Uniforme de Recursos <a href="http://www.archive.org/details/historiaconstit00hamegoog ">http://www.archive.org/details/historiaconstit00hamegoog </a>
Nota pública Ir a la página
-- (v. 1)
Holdings
Estatus retirado Estado de pérdida Estado de daño No para préstamo Colección Biblioteca de origen Biblioteca actual Ubicación en estantería Fecha de adquisición Fuente de adquisición Total de préstamos Signatura topográfica completa Código de barras Visto por última vez Precio de reemplazo Tipo de ítem Koha
        Colección digital Biblioteca del Ateneo de Madrid Biblioteca del Ateneo de Madrid Sala Valle Inclán 17/01/2008     D-4995 901055848 23/02/2023 23/02/2023 Libro impreso antiguo